000
00265nam a22001217a 4500
008
170602b xxu||||| |||| 00| 0 eng d
041
_a
eng
080
_a
94(4)
100
_a
17
101
_a
SHH
245
_a
A HISTORY OF EUROPE
_c
SCHEVIL.F
942
_2
udc
_c
BK
999
_c
15542
_d
15542